Ultimos #1 de la Seleccion Argentina (2000-25) - Estadísticas

Estadísticas generales
  • Esta prueba ha sido intentada 93 veces
    30 desde el último reinicio
  • La puntuación promedio es 10 de 16
Estadísticas de respuestas
Imagen Hint Respuesta % Correcto
2018-22 Franco Armani
100%
2008-17 Sergio Romero
100%
2020-2021 Gerónimo Rulli
96%
2020-21 Agustín Marchesín
88%
2017-2018 Nahuel Guzmán
83%
2003-09 Roberto Abbondanzieri
83%
2008-12 Mariano Andújar
71%
2022-25 Walter Benítez
71%
2025 Facundo Cambeses
67%
2000-02 Germán Burgos
58%
2008-11 Juan Pablo Carrizo
58%
2000-01 Pablo Cavallero
38%
2009-10 Diego Pozo
33%
2004-05 Leo Franco
33%
2004-05 Franco Costanzo
29%
2000-01 Roberto Bonano
25%
No se encontraron pruebas coincidentes
Distribución de puntuación
Porcentaje de gente con cada puntuación
Porcentaje por número respondido
Historial de tus puntuaciones
No has intentado esta prueba desde el último reinicio